<?xml version="1.0" encoding="UTF-8"?><?xml-stylesheet type="text/xsl" href="static/style.xsl"?><OAI-PMH xmlns="http://www.openarchives.org/OAI/2.0/" xmlns:xsi="http://www.w3.org/2001/XMLSchema-instance" xsi:schemaLocation="http://www.openarchives.org/OAI/2.0/ http://www.openarchives.org/OAI/2.0/OAI-PMH.xsd"><responseDate>2026-06-02T02:05:21Z</responseDate><request verb="GetRecord" identifier="oai:riuma.uma.es:10630/28639" metadataPrefix="marc">https://riuma.uma.es/rest/oai/request</request><GetRecord><record><header><identifier>oai:riuma.uma.es:10630/28639</identifier><datestamp>2026-02-03T11:59:45Z</datestamp><setSpec>com_10630_2254</setSpec><setSpec>col_10630_37959</setSpec></header><metadata><record xmlns="http://www.loc.gov/MARC21/slim" xmlns:dcterms="http://purl.org/dc/terms/" xmlns:doc="http://www.lyncode.com/xoai" xmlns:xsi="http://www.w3.org/2001/XMLSchema-instance" xsi:schemaLocation="http://www.loc.gov/MARC21/slim http://www.loc.gov/standards/marcxml/schema/MARC21slim.xsd">
   <leader>00925njm 22002777a 4500</leader>
   <datafield ind2=" " ind1=" " tag="042">
      <subfield code="a">dc</subfield>
   </datafield>
   <datafield ind2=" " ind1=" " tag="720">
      <subfield code="a">Arrivillaga, Christiane</subfield>
      <subfield code="e">author</subfield>
   </datafield>
   <datafield ind2=" " ind1=" " tag="720">
      <subfield code="a">Rey-Peña, Lourdes</subfield>
      <subfield code="e">author</subfield>
   </datafield>
   <datafield ind2=" " ind1=" " tag="720">
      <subfield code="a">Extremera-Pacheco, Natalio</subfield>
      <subfield code="e">author</subfield>
   </datafield>
   <datafield ind2=" " ind1=" " tag="260">
      <subfield code="c">2022-10</subfield>
   </datafield>
   <datafield ind2=" " ind1=" " tag="520">
      <subfield code="a">La Bergen Social Media Addiction Scale (BSMAS) es uno de los instrumentos más utilizados internacionalmente para la evaluación del uso problemático de las redes sociales (UPRS). En este estudio se analiza la fiabilidad y validez de una versión en castellano de la BSMAS en una muestra de adolescentes españoles.&#xd;
En el estudio participaron 688 adolescentes con edades comprendidas entre los 12 y los 18 años de Málaga, quienes completaron cuestionarios de autoinforme sobre las variables del estudio. Con respecto a la fiabilidad de la BSMAS se estimaron los coeficientes alfa de Cronbach (α), omega de McDonald (ω), la fiabilidad compuesta (FC) y la varianza media extraída (VME). Adicionalmente, se estudió la validez de constructo por medio de un análisis factorial confirmatorio (AFC) con la muestra completa y diferenciando por género, la validez convergente y discriminante, así como la validez predictiva. Los análisis se llevaron a cabo con SPSS, JASP y Excel. &#xd;
Nuestros resultados indican que la BSMAS posee una adecuada consistencia interna. En cuanto a la validez de constructo, se corroboró la estructura unidimensional original y se obtuvo un adecuado ajuste del modelo. Por otra parte, se observó que el modelo presentaba un buen ajuste para ambos géneros. Adicionalmente, se confirmó la validez convergente en relación con el uso problemático del smartphone y la validez discriminante en cuanto a las horas de uso de las redes sociales durante la semana y los fines de semana. Finalmente, se confirmó la validez predictiva al observarse una asociación positiva con la sintomatología depresiva y negativa con el bienestar.&#xd;
Nuestro estudio aporta evidencia sobre la validez de la versión en español de la BSMAS sugiriendo un instrumentos psicométricamente adecuado para ser utilizado con adolescentes de habla hispana. Así, se espera contribuir a la investigación de esta problemática en alza y analizar las posibles causas y consecuencias a nivel social, educativo y clínico.</subfield>
   </datafield>
   <datafield ind1="8" ind2=" " tag="024">
      <subfield code="a">https://hdl.handle.net/10630/28639</subfield>
   </datafield>
   <datafield tag="653" ind2=" " ind1=" ">
      <subfield code="a">Adolescentes - Psicología - Congresos</subfield>
   </datafield>
   <datafield tag="653" ind2=" " ind1=" ">
      <subfield code="a">Redes sociales en internet - Congresos</subfield>
   </datafield>
   <datafield ind2="0" ind1="0" tag="245">
      <subfield code="a">Validación preliminar de la versión española de la Bergen Social Media Addiction Scale (BSMAS) en adolescentes</subfield>
   </datafield>
</record>
</metadata></record></GetRecord></OAI-PMH>